| 000 | 00437nam a22001697a 4500 | ||
|---|---|---|---|
| 003 | MACL | ||
| 005 | 20160730122353.0 | ||
| 008 | 160730b xxu||||| |||| 00| 0 eng d | ||
| 040 | _cMACL | ||
| 041 | _aEnglish | ||
| 082 | _a920 VER | ||
| 100 |
_aVerma, Sudesh _965748 |
||
| 245 |
_aNarendra Mode _bThe Game Changer _cSudesh Verma |
||
| 260 |
_aNew Delhi _bVitasta Publishing _c2015 |
||
| 650 |
_aBiography _965749 |
||
| 942 |
_2ddc _cBK |
||
| 999 |
_c55311 _d55311 |
||